<?xml version="1.0" encoding="UTF-8"?>
<marc:record xmlns:marc="http://www.loc.gov/MARC21/slim">
   <marc:leader>00000nam a2200000 a 4500</marc:leader>
   <marc:datafield ind1="1" ind2=" " tag="100">
      <marc:subfield code="a">Knopp, Guido</marc:subfield>
      <marc:subfield code="4">aut</marc:subfield>
      <marc:subfield code="e">Verfasser/-in</marc:subfield>
   </marc:datafield>
   <marc:datafield ind1=" " ind2=" " tag="653">
      <marc:subfield code="a">Kriegsgeschehen 1942-1945</marc:subfield>
   </marc:datafield>
   <marc:datafield ind1=" " ind2=" " tag="653">
      <marc:subfield code="a">Gustloff</marc:subfield>
   </marc:datafield>
   <marc:datafield ind1=" " ind2=" " tag="653">
      <marc:subfield code="a">Vertriebene</marc:subfield>
   </marc:datafield>
   <marc:datafield ind1="0" ind2="0" tag="245">
      <marc:subfield code="a">Die große Flucht</marc:subfield>
   </marc:datafield>
   <marc:datafield ind1="0" ind2="0" tag="245">
      <marc:subfield code="b">das Schicksal der Vertriebenen</marc:subfield>
   </marc:datafield>
   <marc:datafield ind1="0" ind2="0" tag="245">
      <marc:subfield code="c">Guido Knopp</marc:subfield>
   </marc:datafield>
   <marc:datafield ind1=" " ind2="1" tag="264">
      <marc:subfield code="a">Düsseldorf [u.a.]</marc:subfield>
      <marc:subfield code="b">Econ</marc:subfield>
      <marc:subfield code="c">2001</marc:subfield>
   </marc:datafield>
   <marc:datafield ind1="1" ind2=" " tag="520">
      <marc:subfield code="a">Am Ende des 2. Weltkrieges werden durch den Einmarsch der Roten Armee Millionen Zivilisten aus den ehemaligen deutschen Ostgebieten vertrieben. Von ihrem Überlebenskampf, ihrem Leid, erzählt dieses Buch zur großen Serie des ZDF. Sie hatten ausgehalten bis zur letzten Minute im Zeichen von Hitlers Durchhaltewahn. Dann war es für eine sichere Rettung zu spät. Im Januar 1945 rückte die Rote Armee unaufhaltsam vor. Auf Unrecht folgte Unrecht. Hunderttausende begaben sich überstürzt auf die Flucht, die über zwei Millionen von ihnen nicht überleben sollten. Guido Knopp und sein Team erhielten für diese Dokumentation Einblick inrussische Archive: Bislang unbekanntes Material ermöglichte es, Hintergründe und Zusammenhänge zu den damaligen Geschehnissen so eindringlich wie nie zuvor darzustellen.</marc:subfield>
   </marc:datafield>
   <marc:datafield ind1=" " ind2=" " tag="020">
      <marc:subfield code="a">3430155053</marc:subfield>
      <marc:subfield code="9">3430155053</marc:subfield>
   </marc:datafield>
   <marc:datafield ind1=" " ind2=" " tag="300">
      <marc:subfield code="a">416 S.</marc:subfield>
   </marc:datafield>
</marc:record>
